Every Song by Hey Monday - Statistics

General Stats
  • This quiz has been taken 7 times
  • The average score is 11 of 18
Answer Stats
Album Song % Correct
Hold on Tight(2008) 6 Months
100%
Hold on Tight(2008) Candles
100%
Hold on Tight(2008) Homecoming
100%
Hold on Tight(2008) How You Love Me Now
100%
Hold on Tight(2008) Run, Don't Walk
100%
Beneath It All(2010) I Don't Wanna Dance
67%
Hold on Tight(2008) Josey
67%
Hold on Tight(2008) Should've Tried Harder
67%
Beneath It All(2010) Wish You Were Here
67%
Hold on Tight(2008) Arizona
33%
Beneath It All(2010) Hangover
33%
Hold on Tight(2008) Hurricane Streets
33%
Beneath It All(2010) Mr. Pushover
33%
Hold on Tight(2008) Obvious
33%
Hold on Tight(2008) Set Off
33%
Candles(2011) The One That Got Away
33%
Beneath It All(2010) Where is My Head
33%
Beneath It All(2010) Wondergirl
33%
No matching quizzes found
Score Distribution
Percent of People with Each Score
Percentile by Number Answered
Your Score History
You have not taken this quiz